| 000 | 00819nam a2200241Ia 4500 | ||
|---|---|---|---|
| 003 | GCL | ||
| 008 | 140319s9999 xx 000 0 ara d | ||
| 020 | _a8150210977 | ||
| 040 |
_aGCL / _cGCL |
||
| 082 | 0 | 4 |
_a628.3 _bس ا |
| 100 | 1 | _aسامح خليل سيد | |
| 245 | 1 | 0 |
_aاسس معالجة مياه الصرف الصحى وتشغيل المحطات / _cسامح خليل سيد |
| 700 | 1 | _aمحمد انور الديب | |
| 700 | 1 | _aمحمود محمد عبدالعظيم | |
| 250 | _aالاولى | ||
| 260 |
_aالقاهرة : _bدار الفكر العربى ، _c2002 |
||
| 300 |
_a154 ص ؛ _c24 سم |
||
| 650 | 0 | 4 | _aالهندسة الصحية |
| 650 | 0 | 4 | _aالصرف الصحى |
| 650 | 0 | 4 | _aالصرف الصحى - تنقية |
| 650 | 0 | 4 | _aالمخلفات السائلة |
| 942 |
_2ddc _cBK |
||
| 999 |
_c50829 _d50829 |
||